Indexy cien stavebných prác, materiálov a výrobkov spotrebovávaných v stavebníctve SR - 1/2000

Uložené v:
Podrobná bibliografia
Médium: Kniha
Jazyk:Slovak
Vydavateľské údaje: Bratislava Štatistický úrad Slovenskej republiky 2000
Edícia:Ceny
Tagy: Pridať tag
Žiadne tagy, Buďte prvý, kto otaguje tento záznam!

MARC

LEADER 00000nam a2200000 4500
001 c117454
005 20260210071139.9
041 0 |a slo 
044 |a SK 
245 1 0 |a Indexy cien stavebných prác, materiálov a výrobkov spotrebovávaných v stavebníctve SR - 1/2000 
264 1 |a Bratislava  |b Štatistický úrad Slovenskej republiky  |c 2000 
300 |a 6 s. 
490 1 |a Ceny 
830 0 |a Ceny